000 00472nam a22001577a 4500
005 20240709124134.0
008 240709b |||||||| |||| 00| 0 eng d
020 _a0719539048
050 _aTT 205 .S77 1982
_bC. 1
100 _aMURRAY, JOHN
245 _aPROFESSIONAL SMITHING
_bTRADITIONAL TECHNIQUES FOR DECORATIVE IRONWORK, WHITESMITHING, HARDWARE
260 _aUSA
_bDONALD STREETER
_c1980
300 _aIX, 133P.: ILL.
650 _aMETAL-WORK
942 _2lcc
_cBK
999 _c210507
_d210507